000 00571nam a22001937a 4500
999 _c31899
_d31899
003 OSt
005 20250423112421.0
008 250423b ||||| |||| 00| 0 eng d
020 _a9788189928117
_cRs 595.00 (Combined price for Vol.1 & 2)
040 _cimukc
082 _a510
_bS5313
100 _95843
_aSharma, R. D.
_cDr.
245 _aMathematics : class xii. volume 2 /
_cR.D. Sharma.
250 _a6th ed.
260 _aNew Delhi :
_bDhanpat Rai Publications,
_c2013.
300 _a33.31 + A16 p. :
_bill. ;
_c24 cm
650 0 _931
_aMathematics
942 _2ddc
_cBK